LEADER 01117nam0 2200289 450 001 000007750 005 20070330131213.0 010 $a88-14-12428-0 100 $a20070330d2006----km-y0itay50------ba 101 0 $aita 102 $aIT 105 $ay-------001yy 200 1 $aDiritto penale europeo e ordinamento italiano$ele decisioni quadro dell'Unione europea$edal mandato d'arresto alla lotta al terrorismo$fGiovanni M. Armone ... [et al.]$gprefazione di Giuseppe Tesauro 210 $aMilano$cGiuffrè$d2006 215 $aXXIV, 499 p.$d24 cm 327 1 $aAppendice con i testi delle decisioni quadro e la giurisprudenza della Corte di giustizia dell'Unione europea 610 1 $aDiritto penale$aUnificazione$aPaesi della Comunità Europea 610 1 $aDiritto penale$aUnione Europea 676 $a345.4$v21 676 $a341.77$v21 702 1$aArmone,$bGiovanni 702 1$aTesauro,$bGiuseppe 801 0$aIT$bUNIPARTHENOPE$c20070330$gRICA$2UNIMARC 912 $a000007750 951 $aH-0216$b39223$cNAVA3$d2007 996 $aDiritto penale europeo e ordinamento italiano$9778280 997 $aUNIPARTHENOPE